Repensar la integracin̤ en Amřica Latina los casos del Mercosur y la Alianza del Pacf̕ico /

Bibliographic Details
Main Author: Serrano, Jos ̌Antonio
Other Authors: Chust, Manuel
Format: eBook
Language:Spanish
Published: Bogot:̀ Ediciones Universidad Cooperativa de Colombia, 2019
Subjects:
Online Access:Acceso restringido

MARC

LEADER 00000nam a22000007a 4500
005 20200421153245.0
007 cr|||| ||||
008 200421s2019 co |||||s|||| 00||0 spa d
020 |a 978-958-760-175-6 
035 |a 31340 
040 |a vLex 
090 |c 10309  |d 10309 
100 1 |a Serrano, Jos ̌Antonio 
245 1 0 |a Repensar la integracin̤ en Amřica Latina  |h [Recurso electrn̤ico] :  |b los casos del Mercosur y la Alianza del Pacf̕ico /  |c Jos ̌Antonio Serrano, Manuel Chust 
256 |a Servicio en ln̕ea 
260 |a Bogot:̀  |b Ediciones Universidad Cooperativa de Colombia,  |c 2019 
300 |a 1 recurso electrn̤ico 
500 |a El Grupo de Reflexin̤ sobre Integracin̤ y Desarrollo en Amřica Latina y Europa (GRIDALE) —constituido por acadm̌icos de ms̀ de cien universidades de treinta pas̕es de los dos continentes— tiene como props̤ito contribuir con ideas y reflexiones al relanzamiento de la integracin̤ en el contexto del siglo XXI. Para ello, es necesario dar a conocer los planteamientos y sugerencias hechas por los participantes en este grupo como resultado de sus investigaciones individuales y grupales. Esta intencin̤ se materializa con la Coleccin̤ GRIDALE, la cual inicia con la publicacin̤ de cuatro tomos. Este primero, Repensar la integracin̤ en Amřica Latina: los casos del Mercosur y la Aliana del Pacf̕ico —que se haba̕ reservado inicialmente para la Coleccin̤ Pensamiento Global—, abre la coleccin̤ con los temas correspondientes a procesos de integracin̤ de Amřica Latina, como Mercosur y la Alianza del Pacf̕ico, que concentran la atencin̤ de muchos investigadores interesados en las semejanzas y en las diferencias de ambos procesos, y en su contribucin̤ a la necesaria convergencia de la integracin̤ latinoamericana. Las investigaciones aqu ̕presentadas son el resultado de un proyecto de investigacin̤ realizado por acadm̌icos del Centro de Pensamiento Global (CEPEG), de la Universidad Cooperativa de Colombia y de la Universidad de los Andes de Venezuela. Los tomos segundo (Geopolt̕ica y nuevos actores de la integracin̤ latinoamericana), tercero (La integracin̤ regional latinoamericana y europea en el Siglo XXI: marco para la reflexin̤ sobre su presente y futuro) y cuarto (Nuevas propuestas de integracin̤ regional: tendencias y retos de transformacin̤) son el resultado de las reflexiones presentadas en el Primer Congreso del GRIDALE, en junio de 2018. Ahora los invitamos a repensar la integracin̤ latinoamericana, con base en los aportes expuestos en este primer libro. 
506 1 |a Disponible solo en los productos indicados  |d vLex Global  |d vLex Global (Academic Edition, excluding Law Schools)  |d vLex Global (U.S. Academic Edition, Law Schools)  |d vLex Global (U.S. Academic Edition, excluding Law Schools)  |d vLex Global (Academic Edition, Law Schools) 
650 0 4 |a Derecho Militar  |z Colombia 
700 1 |a Chust, Manuel 
740 0 |a vLex Libros (Servicio en ln̕ea) 
856 4 0 |u http://vlex.com/source/repensar-la-integracion-en-america-latina-los-casos-del-mercosur-y-la-alianza-del-pacifico-31340  |z Acceso restringido 
942 |c BOOK 
999 0 |a Military Law